| 000 | 00483nam a2200193Ia 4500 | ||
|---|---|---|---|
| 005 | 20240823013640.0 | ||
| 008 | 240823s9999||||xx |||||||||||||| ||und|| | ||
| 020 | _a019565224-X | ||
| 041 | _aENGLISH | ||
| 082 | _A338.04092 P3 | ||
| 100 | _aJain P C (ed) | ||
| 245 | 0 | _aHand book New Entrepreneurs | |
| 250 | _a1st | ||
| 260 |
_c2003 _bOxford University _aNew Delhi |
||
| 500 | _aDAMAGED | ||
| 650 |
_aEntrepreneurship _bManagement Studies |
||
| 942 | _cBK | ||
| 999 |
_c167828 _d167828 |
||